| 000 | 00808nam a22002057a 4500 | ||
|---|---|---|---|
| 003 | BUBTL | ||
| 008 | 230510b ||||| |||| 00| 0 eng d | ||
| 020 | _a9847012400241 | ||
| 082 | _a891.441/ R1293s/ 2009 | ||
| 100 |
_95315 _aরাহমান, শামসুর |
||
| 245 |
_aশ্রেষ্ঠ কবিতা / _c শামসুর রাহমান |
||
| 250 | _a8th Edn | ||
| 260 |
_aঢাকা: _bসাহিত্য প্রকাশ, _cc2009 |
||
| 300 |
_a671 p.: _c22 cm. |
||
| 505 | _aকবিতা,শ্রেষ্ঠ কবিতা, শামসুর রাহমান, বাংলা সাহিত্য | ||
| 650 | 0 |
_91687 _aবাংলা সাহিত্য |
|
| 856 |
_k0 _l0 _yDownload |
||
| 942 |
_2ddc _cBK |
||
| 999 |
_c7044 _d7044 |
||